000 00453pab a2200157 454500
008 180718b2008 xxu||||| |||| 00| 0 eng d
100 _aDion, Michelle
245 _aAll-knowing or all-nurturing? Student expectations, gender roles, and practical suggestions for women in the classroom
260 _c2008
300 _ap.853-56.
362 _aOct
650 _aWomen
773 _aPS: Political Science and Politics
908 _aN
909 _a80284
999 _c80284
_d80284